000
00262nam a2200097Ia 4500
008
120527s9999 xx 000 0 und d
100
_a
SOFOLUWE,G.O
245
_a
Principles and practice of Public health in Africa.
260
_b
University press Plc.
942
_c
BK
999
_c
23599
_d
23599